000 00628nam a2200241 i 4500
001 C2-0266196
003 PPAK
005 20180727233858.0
008 050719s2003 nyua|||| ||||| | eng d
020 _a0736420797
040 _aPPAK
_beng
_cPPAK
_erda
082 0 4 _a398.2
_223
090 0 0 _a398.2
_bHOV
_dK
100 1 _aHover, Margo,
_eauthor
245 1 4 _aThe lion king
264 1 _aNew York :
_bRandom house ,
_c2003
300 _a[24 pages] :
_bcolour illustrations ;
_c20 cm
336 _2rdacontent
_atext
337 _2rdamedia
_aunmediated
338 _2rdacarrier
_avolume
650 1 0 _aTale.
942 _ddc
_cB
999 _c75532
_d75532